| 000 | 01424nam a2200289 a 4500 | ||
|---|---|---|---|
| 005 | 20200104041527.0 | ||
| 008 | 920115s1985 ck a frabd 000 0 spa d | ||
| 020 | _a9589045170 | ||
| 040 |
_aMH _cMH _dDLC _dCO-BoIAVH |
||
| 041 | 1 |
_aspa _hger |
|
| 044 | _ack | ||
| 082 | 0 | 4 |
_a579.09 _bH91i |
| 100 | 1 |
_aHumboldt, Alexander von , _d1769-1859. |
|
| 245 | 1 | 0 |
_aIdeas para una geografía de las plantas/ _cpor Al. von Humboldt y A. Bonpland ; elaborado y editado por el primero; [traducción del texto alemán por Ernesto Guhl]. |
| 246 | _aIdeas para una geografía de las plantas más un cuadro de la naturaleza de los países tropicales. | ||
| 260 |
_aBogotá, Colombia : _bJardín Botánico, "José Celestino Mutis" : _bLitografía Arco, _c1985. |
||
| 300 |
_aXX, iv, 177 páginas : _bIlustraciones, mapas, cuadros ; _c24 x 17 cm. + _eMapa plegable. |
||
| 500 | _aBasado en las observaciones y mediciones que se realizaron entre los paralelos de 10° latitud norte hasta 10° latitud sur, durante los años de 1799, 1800, 1801, 1802 y 1803. / | ||
| 500 | _aTítulo al lomo: Geografía de las plantas. | ||
| 504 | _aIncluye referencias bibliográficas. | ||
| 650 | 2 | 6 | _aFitogeografía |
| 650 | 2 | 6 | _aEcología vegetal |
| 650 | 1 | 6 |
_aGeografía _xPlantas |
| 650 | 2 | 0 |
_aGeografía física _zAmérica del Sur |
| 700 | 1 |
_aBonpland, Aimé , _d1773-1858. _eautor |
|
| 942 |
_2ddc _cLIBRO _03 |
||
| 999 |
_c2088 _d2088 |
||